000 00472nam a22001577a 4500
008 150608b xxu||||| |||| 00| 0 eng d
020 _a9780070213821
080 _a621.389
100 1 _aEverest, F. Alton
_d1909-2005.
245 1 0 _aSound studio construction on a budget /
_cF. Alton Everest.
260 _aNew York :
_bMcGraw-Hill,
_cc1997.
300 _a298 f. :
_bme il. ;
_c24 cm.
650 0 _aStudio të muzikës
650 0 _aAkustika arkitekturale
942 _2udc
_cBK
999 _c1004
_d1004